000 00594nam a2200193 a 4500
005 20240305063714.0
008 991125s1996 mx 000 0 spa u
020 _a9706131035
035 _aUPN01000008321
049 _aLT
050 4 _aLB1644 M6.2
_bP43 1996
100 1 _aPereznieto Castro, Leonel,
_d1943-
_929851
245 1 0 _aCivismo 2 :
_beducación secundaria : segundo grado /
_cLeonel Pereznieto Castro.
250 _a3a ed.
260 _aMéxico :
_bHarla :
_bOxford,
_c1996.
300 _a143 p. :
_bil.
650 4 _aCivismo
_xEstudio y enseñanza (Secundaria)
_91512
905 _aLibro
999 _c8321
_d8321